000 00688nam a2200229Ia 4500
001 17988
003 GE_BSU
008 181216s||||||||xx |||||||||||||| ||und||
040 _cGE_BSU
080 _a821.353.1-1
100 _aნიჟარაძე,ენვერ
245 _aხე მსხმოიარე
245 _cრედ.ნ.იაშვილი.მხატვ. გ.წერეთელი
260 _aთბილისი
260 _bსაბჭ. საქართველო
260 _c1989
300 _a359გვ.21სმ.
541 _h1ლ.
653 _aლექსები
653 _aხე მსხმოიარე
942 _cBK
999 _c51031
_d51031